| 000 | 01174nam0a2200325 4500 | ||
|---|---|---|---|
| 001 | RU\NLR\BIBL_A\012848813 | ||
| 005 | 20220913190802.0 | ||
| 010 |
_a978-5-17-075-637-7 _97000 |
||
| 021 |
_aRU _bКН-П-22-045373 _9КН-П-22-3920 |
||
| 035 | _a(NLR Aleph) 012848813 | ||
| 035 | _a(RuMoRGB)011056662 | ||
| 090 |
_a12420490 _c12420490 |
||
| 100 | _a20220715d2022 u y0rusy50 ca | ||
| 101 | 1 |
_arus _ceng |
|
| 102 | _aRU | ||
| 105 | _ay|||z|||000ay | ||
| 181 | 0 |
_ai4 _baxxe |
|
| 182 | 0 | _an | |
| 200 | 1 |
_aЗеленая миля _e[роман] _fСтивен Кинг _gперевод с английского В. А. Вебера и Д. В. Вебера |
|
| 203 |
_aТекст _bвизуальный _cнепосредственный |
||
| 210 |
_aМосква _cАСТ _d2022 |
||
| 215 |
_a382, [1] с. _d21 |
||
| 225 | 1 | _aСерия "Король на все времена" | |
| 333 | _a16+ | ||
| 686 | 1 | _aШ6(7США)67-445{Лх1979-62} | |
| 700 | 1 |
_aКинг _bС. _f1947- _gСтивен _3RU\NLR\AUTH\77848 |
|
| 942 | _cBOOK | ||
| 980 | _aNB | ||